[Event "Moscow-chT"]
[Site "Moscow"]
[Date "2010.12.18"]
[Round "6"]
[White "Tilicheev, Viacheslav"]
[Black "Gurevich, Andrew"]
[Result "1-0"]
[WhiteElo "2360"]
[BlackElo "2231"]
[PlyCount "87"]
[EventDate "2010.11.20"]
[EventType "team-tourn"]
[EventRounds "7"]
[EventCountry "RUS"]
[SourceTitle "CBM 139 Extra"]
[Source "ChessBase"]
[SourceDate "2011.01.05"]
[SourceVersion "1"]
[SourceVersionDate "2011.01.05"]
[SourceQuality "1"]
[WhiteTeam "RGSU"]
[BlackTeam "October DC MEPI"]
[WhiteTeamCountry "RUS"]
[BlackTeamCountry "RUS"]

1. d4 Nf6 2. c4 c5 3. d5 b5 4. cxb5 a6 5. e3 g6 6. Nc3 Bg7 7. Nf3 0-0 8. a4 Bb7 9. Ra3 e6 10. d6 Nd5 11. Be2 Nxc3 12. bxc3 axb5 13. Bxb5 Nc6 14. 0-0 c4 15. Bxc4 Qa5 16. Bb5 Bxc3 17. Bd2 Bxd2 18. Qxd2 Ba6 19. Bxc6 Qxd2 20. Nxd2 dxc6 21. Rc1 Rfd8 22. Rxc6 Bb5 23. Rb6 Rxa4 24. Rxa4 Bxa4 25. f4 f6 26. Ne4 Kf7 27. Nc5 Bd7 28. Rb7 Ke8 29. Nxe6 Bxe6 30. Re7+ Kf8 31. Rxe6 f5 32. Kf2 Kf7 33. Re7+ Kf6 34. Rxh7 Rxd6 35. Kf3 Rd1 36. h3 Rf1+ 37. Ke2 Rh1 38. Kf2 Ke6 39. Ra7 Kf6 40. g4 Rxh3 41. g5+ Ke6 42. Rg7 Rh2+ 43. Kg3 Rh1 44. Rxg6+ 1-0

[Event "Moscow-chT"]
[Site "Moscow"]
[Date "2010.12.12"]
[Round "4"]
[White "Janturin, Artur"]
[Black "Gurevich, Andrew"]
[Result "0-1"]
[WhiteElo "2424"]
[BlackElo "2231"]
[PlyCount "58"]
[EventDate "2010.11.20"]
[EventType "team-tourn"]
[EventRounds "7"]
[EventCountry "RUS"]
[SourceTitle "CBM 139 Extra"]
[Source "ChessBase"]
[SourceDate "2011.01.05"]
[SourceVersion "1"]
[SourceVersionDate "2011.01.05"]
[SourceQuality "1"]
[WhiteTeam "Palace"]
[BlackTeam "October DC MEPI"]
[WhiteTeamCountry "RUS"]
[BlackTeamCountry "RUS"]

1. e4 c5 2. Nf3 d6 3. d4 cxd4 4. Nxd4 Nf6 5. Nc3 a6 6. Be2 e5 7. Nb3 Be7 8. g4 h6 9. f4 exf4 10. Bxf4 Nc6 11. h3 b5 12. Qd2 Ne5 13. 0-0-0 Bb7 14. Qe3 Ng6 15. e5 dxe5 16. Rxd8+ Rxd8 17. Re1 exf4 18. Qb6 Bg2 19. Bd3 f3 20. Bxg6 fxg6 21. Qe3 0-0 22. Nd2 b4 23. Qe6+ Kh7 24. Nd1 Bc5 25. Qc4 f2 26. Nxf2 Bxf2 27. Re2 Nd5 28. h4 Bxh4 29. Kb1 Bf1 0-1